| 000 | 00562nam a2200193 4500 | ||
|---|---|---|---|
| 005 | 20241008155758.0 | ||
| 010 | _aENG-141966 | ||
| 020 |
_c450.00 _a9789393330475 |
||
| 035 | _aEN-125498 | ||
| 037 | _bDBAD | ||
| 082 |
_a572 _21 |
||
| 100 |
_aRafi, MD _972474 |
||
| 245 |
_aManual of Practical Biochemistry/ _cBy MD Rafi |
||
| 250 | _a4 | ||
| 260 |
_aHyderabad _bUniversities Press (India) Pvt. Ltd. _c2023 |
||
| 270 |
_a3-6-747/A & 3-6-754/1, Himayatnagar _bHyderabad _e500029 |
||
| 300 |
_a289p. _c24cm(pb) |
||
| 942 |
_2ddc _cEN _h572 _mMDR |
||
| 999 |
_c206172 _d206172 |
||